Statistics for From Manchester United to where (in the 2010s)......?

Click here to take the quiz!

General Stats

  • This quiz has been taken 165 times
  • The average score is 7 of 10

Answer Stats

HintAnswer% Correct
Wayne RooneyEverton
94%
Henrikh MkhitaryanArsenal
92%
Danny DrinkwaterLeicester City
89%
Jonny EvansWest Brom
68%
John O'SheaSunderland
66%
Owen HargreavesManchester City
61%
Dimitar BerbatovFulham
54%
Bastian SchweinsteigerChicago Fire
48%
Ji-Seong ParkQPR
47%
Robin Van PersieFenerbache
37%

Score Distribution

Percentile by Number Answered

Percent of People with Each Score

Your Score History

You have not taken this quiz